000 00705nam a2200253Ia 4500
003 OSt
005 20220924122340.0
006 a|||||r|||| 00| 0
007 ta
008 220923b |||||||| |||| 00| 0 ben d
020 _c80
024 _a319718
037 _cTextual
040 _aARTS
_cARTS
_bben
041 _2ben
_aben
082 _aO168,6NAD5x, M7
100 _aAdani Iftikhar Ahmad Au.
_9189160
245 0 _aEk mahshar-e-khayal
260 _aLahore
_bPakistan writersco-opretiv socity Pakistan
_c1987
300 _a223p.
_ccm.
650 _aURDU PROSE
_926866
942 _hO168,6NAD5x, M7
_cTEXL
_2CC
999 _c411255
_d411255